000 00662nam a2200181Ia 4500
003 GCL
005 20240530105225.0
008 140319s1986 ua 000 0 ara d
040 _aGCL /
_cGCL
082 0 4 _a658.15
_bع م
100 0 _aعبدالحى مرعى
245 1 2 _aالموازنة التخطيطية فى النظام المحاسبى الموحد ووسائل التحليل الكمى /
_cعبدالحى مرعى
260 _aالاسكندرية :
_bمؤسسة شباب الجامعة ،
_c1986
300 _a302 ص. ؛
_c24 سم.
650 0 7 _2qrmak
_aالمحاسبة
650 0 7 _2qrmak
_aالمحاسبة الادارية
942 _2ddc
_cBK
999 _c54094
_d54094